000 00402nam a2200157 4500
001 2394
005 20181127165052.0
020 0 0 _a1889029025
090 0 0 _a811.54 E463b 1998
100 0 0 _aElliott, Elizabeth.
245 0 0 _aBurn all night :
_bNew and selected poems /
_cElizabeth Elliott.
_h
250 0 0 _a
260 0 0 _aNew York :
_bGolden Hill Press,
_c1997.
300 0 0 _aviii, 85 p.
650 0 0 _aPoetry.
_x
999 _c1917
_d1917